000 00341nam a2200121Ia 4500
005 20260328104342.0
008 260328s9999||||xx |||||||||||||| ||und||
100 _aAlemán, Maria Lucia
245 0 _aMi Nombre Es Legion :
_b Retrato de Una Ciudad Que Es Muchas . /
_cMaria Lucia Alemán
300 _a179 p.
650 _aPANAMÁ
942 _cBK
999 _c12163
_d12163